La invasión del mar /

Guardado en:
Autor Principal: Verne Julio
Formato: Libro
Publicado: Navarra : Planeta, 2005
Series:Colección Julio Verne
Materias:
Etiquetas: Agregar Etiqueta
Sin Etiquetas, Sea el primero en etiquetar este registro!
LEADER 00582nam a22002175a 4500
001 CEM.cems013027
005 20081031085836.0
008 130507s2005##################000#0#####d
003 CEMS
020 |a 8467424702 
082 0 4 |a 843.8 
100 1 |a Verne Julio 
245 1 0 |a La invasión del mar /  |c Julio Verne 
260 |a Navarra :  |b Planeta,  |c 2005 
300 |a 208 p. 
490 0 |a Colección Julio Verne 
653 |a Literatura 
653 |a Literatura francesa 
653 |a Novelas 
653 |a Novela francesa 
859 |a CEMS  |b BIB. CEMS - 11 de abril  |h 843.8  |i V594-13  |p 25467.08  |t Ej.1